<?xml version="1.0" encoding="UTF-8"?>
<collection xmlns="http://www.loc.gov/MARC21/slim">
 <record>
  <leader>01623nab a2200253 i 4500</leader>
  <controlfield tag="001">publ39821</controlfield>
  <controlfield tag="005">20260402153904.0</controlfield>
  <controlfield tag="008">260402s2026    hu      o     000   eng d</controlfield>
  <datafield tag="022" ind1=" " ind2=" ">
   <subfield code="a">2052-4463</subfield>
  </datafield>
  <datafield tag="024" ind1="7" ind2=" ">
   <subfield code="a">10.1038/s41597-026-06735-0</subfield>
   <subfield code="2">doi</subfield>
  </datafield>
  <datafield tag="024" ind1="7" ind2=" ">
   <subfield code="a">36972387</subfield>
   <subfield code="2">mtmt</subfield>
  </datafield>
  <datafield tag="040" ind1=" " ind2=" ">
   <subfield code="a">SZTE Publicatio Repozitórium</subfield>
   <subfield code="b">hun</subfield>
  </datafield>
  <datafield tag="041" ind1=" " ind2=" ">
   <subfield code="a">eng</subfield>
  </datafield>
  <datafield tag="100" ind1="1" ind2=" ">
   <subfield code="a">Kőrösi Gábor</subfield>
  </datafield>
  <datafield tag="245" ind1="1" ind2="0">
   <subfield code="a">Behavioral dataset for Long-Evans and its schizophrenia-like substrain through several generations</subfield>
   <subfield code="h">[elektronikus dokumentum] /</subfield>
   <subfield code="c"> Kőrösi Gábor</subfield>
  </datafield>
  <datafield tag="260" ind1=" " ind2=" ">
   <subfield code="c">2026</subfield>
  </datafield>
  <datafield tag="300" ind1=" " ind2=" ">
   <subfield code="a">10</subfield>
  </datafield>
  <datafield tag="490" ind1="0" ind2=" ">
   <subfield code="a">SCIENTIFIC DATA</subfield>
   <subfield code="v">13 No. 1</subfield>
  </datafield>
  <datafield tag="520" ind1="3" ind2=" ">
   <subfield code="a">We present a high-throughput behavioral dataset acquired with Ambitus, an automated reward-based corridor system that records locomotor and exploratory activities and cognitive functions after minimal handling. The collection contains 91 raw and derived variables, each measured across four consecutive trials, for 1,342 Long-Evans rats, including a triple-hit schizophrenia-like substrain (Lisket) bred through 16 generations. All data files, detailed metadata and analysis scripts are openly available on Zenodo. This resource enables longitudinal and multivariate studies of behavioral phenotypes, trans-generational effects, and strain differences, and it provides a benchmark for machine-learning-based marker discovery in rodent models.</subfield>
  </datafield>
  <datafield tag="650" ind1=" " ind2="4">
   <subfield code="a">Számítás- és információtudomány</subfield>
  </datafield>
  <datafield tag="700" ind1="0" ind2="1">
   <subfield code="a">Czimbalmos Olivér</subfield>
   <subfield code="e">aut</subfield>
  </datafield>
  <datafield tag="700" ind1="0" ind2="1">
   <subfield code="a">Kékesi Gabriella</subfield>
   <subfield code="e">aut</subfield>
  </datafield>
  <datafield tag="700" ind1="0" ind2="1">
   <subfield code="a">Horváth Gyöngyi</subfield>
   <subfield code="e">aut</subfield>
  </datafield>
  <datafield tag="856" ind1="4" ind2="0">
   <subfield code="u">http://publicatio.bibl.u-szeged.hu/39821/1/41597_2026_Article_6735.pdf</subfield>
   <subfield code="z">Dokumentum-elérés </subfield>
  </datafield>
 </record>
</collection>
